Guess the Fusion Rock Song Lyrics #247 - Statistics

General Stats
  • This quiz has been taken 13 times
  • The average score is 219 of 289
Answer Stats
Answer % Correct
a
100%
And
100%
and
100%
be
100%
can
100%
I
100%
it
100%
the
100%
time
100%
to
100%
you
100%
all
91%
come
91%
Come
91%
Could
91%
could
91%
every
91%
in
91%
is
91%
Let
91%
let
91%
like
91%
love
91%
me
91%
on
91%
this
91%
at
82%
Baby
82%
baby
82%
know
82%
my
82%
now
82%
of
82%
oh
82%
Oh
82%
up
82%
want
82%
where
82%
I'm
73%
Never
73%
take
73%
Barry Manilow
64%
last
64%
into
55%
life
55%
mind
55%
world
55%
arms
45%
done
45%
hold
45%
leave
45%
magic
45%
near
45%
around
36%
build
36%
til
36%
find
27%
sun
27%
wonder
27%
angel
18%
Answer
18%
move
18%
Spirit
18%
upon
18%
c'mon
9%
cyclone
9%
fast
9%
high
9%
High
9%
Lady
9%
lifetime
9%
meets
9%
Melissa
9%
Sweet
9%
Whirling
9%
answers
0%
hillside
0%
stallion
0%
No matching quizzes found
Score Distribution
Percent of People with Each Score
Percentile by Number Answered
Your Score History
You have not taken this quiz